00441nam a2200133Ia 4500008004100000245008400041260003300125260000900158300000900167500001300176650002700189999001900216952007200235170224s9999 xx 000 0 und d aOn Communication Complexity of Some Hard Problems in ECPe Systems with Priority bPhilippine Computing Journal c2014 aIX:2 aDecember xInformation Technology c315841d315841 001040aCLbCLd2017-02-24l0r2017-02-24 00:00:00w2017-02-24ySE